Manual de Derecho Procesal.
Zapisane w:
| 1. autor: | |
|---|---|
| Format: | Książka |
| Język: | hiszpański |
| Wydane: |
Santiago, Chile:
Jurídica de Chile,
1998
|
| Wydanie: | Quinta edición actualizada. |
| Seria: | Colección Manuales Jurídicos,
24, 59 |
| Hasła przedmiotowe: | |
| Etykiety: |
Dodaj etykietę
Nie ma etykietki, Dołącz pierwszą etykiete!
|
MARC
| LEADER | 00000nam a2200000 a 4500 | ||
|---|---|---|---|
| 001 | UCQ2539 | ||
| 003 | CL-VaPUC | ||
| 005 | 20240819151145.0 | ||
| 008 | 980724e19980000CL |||||||||||||||||spa|d | ||
| 999 | |c 273357 |d 273355 | ||
| 040 | |c Pontificia Universidad Católica de Valparaíso | ||
| 082 | 0 | 4 | |a 347.83 CAS 1998 |2 21 |
| 100 | 0 | |a Casarino Viterbo, Mario |9 416480 | |
| 245 | 1 | 0 | |a Manual de Derecho Procesal. |
| 250 | |a Quinta edición actualizada. | ||
| 260 | 0 | 3 | |a Santiago, Chile: |b Jurídica de Chile, |c 1998 |
| 300 | |a 5 tomos | ||
| 490 | 0 | |a Colección Manuales Jurídicos, |v 24, 59 | |
| 505 | |a t.I: Derecho Procesal Orgánico. t.V: Derecho Procesal Civil. |g . | ||
| 583 | |a last modification |c 19980724 00:00:00 |k Rodrigo Vera | ||
| 650 | 0 | |a Asistencia judicial |9 254864 | |
| 650 | 7 | |a Derecho procesal civil |9 258071 | |
| 650 | 0 | |a Juicio ejecutivo |9 254866 | |
| 650 | 0 | |a Juicio ordinario |9 254867 | |
| 650 | 7 | |a Juicio sumario |9 254868 | |
| 650 | 0 | |a Procedimiento civil |9 254870 | |
| 650 | 0 | |a Tribunales civiles |9 519253 | |
| 650 | 0 | |a Poder judicial |9 254871 | |
| 650 | 0 | |a Derecho civil |9 255013 | |
| 650 | 0 | |a Jurisprudencia procesal |9 254972 | |
| 650 | 0 | |a Jurisprudencia civil |9 255095 | |
| 942 | |c BK |2 ddc | ||
| 945 | |d 19980724 00:00:00 |a aarredon | ||
| 952 | |0 0 |1 0 |2 ddc |4 0 |6 347_830000000000000_CAS_1998 |7 0 |8 A |9 308818 |a BIBDER |b BIBDER |d 2019-11-20 |h t.V |i 3445321 |o 347.83 CAS 1998 |p 3445321 |r 2023-01-25 |w 2019-11-20 |y BK |k DER | ||
| 952 | |0 0 |1 0 |2 ddc |4 0 |6 347_830000000000000_CAS_1998 |7 0 |8 A |9 308820 |a BIBDER |b BIBDER |d 2019-11-20 |h t.I |i 3533115 |l 1 |o 347.83 CAS 1998 |p 3533115 |r 2024-10-30 |s 2024-10-30 |w 2019-11-20 |y BK |k DER | ||
| 952 | |0 0 |1 0 |2 ddc |4 0 |6 347_830000000000000_CAS_1998 |7 0 |8 A |9 595509 |a BIBDER |b BIBDER |d 2024-07-11 |h t.I |i 3803473 |l 1 |o 347.83 CAS 1998 |p 3803473 |r 2024-10-30 |s 2024-10-30 |w 2024-07-11 |y BK |k DER | ||
| 952 | |0 0 |1 0 |2 ddc |4 0 |6 347_830000000000000_CAS_1998 |7 0 |8 A |9 595621 |a BIBDER |b BIBDER |d 2024-07-17 |h t.V |i 4149343 |o 347.83 CAS 1998 |p 4149343 |r 2024-07-17 |w 2024-07-17 |y BK |k DER | ||